| 000 | 00416nam a2200157Ia 4500 | ||
|---|---|---|---|
| 008 | 230312s9999||||xx |||||||||||||| ||und|| | ||
| 020 | _a978-0-19-533990 | ||
| 082 |
_a621.381 _bSED-M |
||
| 100 | _aSedra, Adel S. | ||
| 245 | 0 | _aMICROELECTRONIC CIRCUITS | |
| 260 |
_bOXFORD _aNew York _c1982 |
||
| 300 | _a1283 | ||
| 546 | _aEng. | ||
| 650 |
_aEngineering _vDevices and Basic Circuits , Selected Topics |
||
| 942 | _cBK | ||
| 999 |
_c1346 _d1346 |
||